| 000 | 00000nam##2200000za#4500 |
| 001 | 9.686861 |
| 003 | CaOODSP |
| 005 | 20210624230724 |
| 007 | cr ||||||||||| |
| 008 | 150407|2004||||xxc|||||o f|0| 0 eng|d |
| 020 | |a0-662-36201-2 |
| 040 | |aCaOODSP|beng |
| 043 | |an-cn--- |
| 086 | 1 |aPS48-1/2004E-PDF |
| 110 | 1 |aCanada.|bPublic Safety and Emergency Preparedness Canada. |bCritical Infrastructure Protection and Emergency Preparedness. |
| 245 | 10|aInnovations in GIS emergency response planning / |h[electronic resource]|cAuthor: David Spearin. |
| 260 | |aOttawa - Ontario : |bPublic Safety and Emergency Preparedness Canada. |c2004. |
| 300 | |a39p.|bfigs. (some coloured), tables |
| 590 | |a08-02-Supp|b2008-04-07 |
| 690 | 07|aEmergency preparedness|2gcpds |
| 720 | 1 |aSpearin, David |
| 775 | 08|tInnovations dans la planification des interventions d'urgence à l'aide des SIG / |w(CaOODSP)9.631323 |
| 856 | 40|ahttp://publications.gc.ca|qPDF|s309 KB|uhttps://publications.gc.ca/collections/collection_2008/ps-sp/PS48-1-2004E.pdf |